00298nam a2200121Ia 4500008004100000041001200041082001100053100001400064245004600078260003400124300001000158650000800168221030s9999 xx 000 0 und d aEnglish a105.23 aA. Schure 0aBasic Television Vol. 1 - 5cby A. Schure bGalgotia PubaNew Delhic1958 a5-135 aECE